000 00499nam a22001697a 4500
005 20230118113343.0
008 200208b xxu||||| |||| 00| 0 eng d
020 _a978-93-81238-15-8
041 _aeng
110 _aGOVERNMENT OF INDIA MINISTRY OF HEALTH & FAMILY WELFARE
245 _aINDIAN PHARMACOPOEIA 2018 (VOL-II )
250 _aED.VIII
260 _aGHAZIABAD
_bTHE INDIAN PHARMACOPOEIA COMMISSION
_c2018
300 _a1067 to 2658 p;
650 _apharmacy
_xD.PHARMA
_97090
942 _cBK
999 _c6020
_d6018